00867nam a2200253Ia 450000500170000000800410001702000180005804000180007604100080009408200200010210000210012224501100014325000440025326000340029730000350033165000310036665000300039765000540042765000240048165000300050565000280053565000220056365000280058520220623142941.0210716s2006 xx 000 0 und d a9788184891959 cAIMIT LIBRARY aeng a005.8221bVAUS aVaudenay, Serge. aClassical introduction to cryptography : bApplications for communications security /cBy Serge Vaudenay. a1st ed.bSpringer International Edition aNew Delhi :bSpringer ,c2009 axviii, 335p. ;bPB ;c22.5 cm. aPrehistory of Cryptography aConventional Cryptography aSecurity Protocols with conventional cryptography aAlgorithmic Algebra aAlgorithmic Number Theory aPublic-key Cryptography aDigital Signature aCryptographic Protocols